Most Hated Celebrities - Statistics

General Stats
  • This quiz has been taken 1,242 times
  • The average score is 11 of 15
Answer Stats
Rank Celebrity Profession What they're most known for % Correct
#2 Kim Kardashian TV Personality TV Show-Keeping up with the Kardashians; having a big butt
95%
#1 Justin Bieber Singer Songs-Baby and Love Yourself; spitting on fans
91%
#15 Miley Cyrus Singer/Actress TV Show-Hannah Montana; Songs-We Can't Stop and Wrecking Ball
88%
#12 Britney Spears Singer Songs-Toxic and Oops I did it again
87%
#4 Taylor Swift Singer Song-I Knew You Were Trouble; breakup songs
87%
#3 Kanye West Rapper Song-Stronger; married to the above
86%
#6 Nicki Minaj Singer Songs-Super Bass and Anaconda; having a big butt
81%
#13 Donald Trump Entrepreneur Republican presidential candidate
78%
#5 Chris Brown Singer Song-Don't Wake Me Up; beating his girlfriend Rihanna
67%
#10 Lindsey Lohan Actress Movies-Mean Girls, Freaky Friday, and The Parent Trap
67%
#7 Kristen Stewart Actress Movies-Twilight Series
65%
#14 Ariana Grande Singer Songs-Problem and Break Free
57%
#8 Paris Hilton Model Her dad's creation of a famous hotel chain
57%
#11 Rebecca Black Singer Song-Friday
45%
#9 Gwyneth Paltrow Actress Movies-Iron Man 3, Iron Man 2, Iron Man1, and Se7en
38%
No matching quizzes found
Score Distribution
Percent of People with Each Score
Percentile by Number Answered
Your Score History
You have not taken this quiz